Count Multiples of 7 - One Minute Sprint - Statistics

General Stats
  • This quiz has been taken 70 times
  • The average score is 35 of 50
Answer Stats
*7 % Correct
14
100%
21
100%
28
100%
35
100%
42
100%
49
100%
7
100%
56
98%
63
98%
70
96%
77
94%
84
94%
91
91%
98
91%
105
89%
112
89%
119
87%
126
87%
133
85%
140
85%
147
83%
154
83%
161
81%
168
79%
175
77%
182
74%
189
74%
196
74%
203
72%
210
72%
217
72%
224
68%
231
66%
238
66%
245
62%
252
57%
259
49%
266
38%
273
34%
280
32%
287
32%
294
32%
301
28%
308
26%
315
26%
322
26%
329
26%
336
26%
343
26%
350
26%
No matching quizzes found
Score Distribution
Percent of People with Each Score
Percentile by Number Answered
Your Score History
You have not taken this quiz